000 00319 a2200133 4500
001 64693
082 _a621.3813 SCO
090 _c38276
_d38276
100 _aScott Allan W
245 _aUnderstanding Microwaves
260 _aUSA
_bWilly-interscience
_c2005
300 _axii, 545P.
500 _aAvionics textbook
942 _aNUST-CAE
_k621.3813 SCO
999 _c299766
_d299766